Lloyd's bank review

Guardado en:
Detalles Bibliográficos
Formato: Seriadas
Lenguaje:inglés
Publicado: London Lloyds Bank
Etiquetas: Agregar Etiqueta
Sin Etiquetas, Sea el primero en etiquetar este registro!

MARC

LEADER 00000nas1a22000001 4500
001 s120456
005 20190823074242.6
022 |a 0024-547X 
041 0 |a eng 
044 |a GB 
245 1 0 |a Lloyd's bank review 
264 1 |a London  |b Lloyds Bank